MARC

LEADER 00000nam0a2200000 4500
001 302757
005 20231102001533.0
035 |a (RuTPU)RU\TPU\book\327968 
090 |a 302757 
100 |a 20150826d1956 km y0rusy50 ca 
101 0 |a rus 
102 |a RU 
105 |a a g 000zy 
200 1 |a Справочник технолога турбостроителя  |f СССР, Министерство тяжелого, энергетического и транспортного машиностроения (Минтяжмаш), Ленинградский металлический завод ; под ред. П. Н. Побегалова 
210 |a Москва  |a Ленинград  |c Машгиз  |d 1956 
215 |a 603 с.  |c черт. 
606 1 |a Турбостроение  |2 stltpush  |3 (RuTPU)RU\TPU\subj\62139  |9 79288 
610 1 |a справочники 
610 1 |a паровые турбины 
610 1 |a гидротурбины 
610 1 |a производство 
610 1 |a допуски 
610 1 |a посадки 
610 1 |a детали машин 
610 1 |a резьбы 
610 1 |a скоростное резание 
610 1 |a поверхности 
610 1 |a материалы 
610 1 |a отливки 
610 1 |a сварка 
610 1 |a припуски 
675 |a 62-135(035)  |v 4 
702 1 |a Побегалов  |b П. Н.  |4 340 
712 0 1 |a СССР  |b Министерство тяжелого, энергетического и транспортного машиностроения (Минтяжмаш)  |b Ленинградский металлический завод  |2 stltpush  |3 (RuTPU)RU\TPU\col\15742 
801 1 |a RU  |b 63413507  |c 20150826 
801 2 |a RU  |b 63413507  |c 20150827  |g RCR 
942 |c BK